| 000 | 01197nam a2200325 i 4500 | ||
|---|---|---|---|
| 001 | 25421 | ||
| 003 | KOSZ 005 | ||
| 005 | 20200825115358.0 | ||
| 008 | 070608s1971 pl f 000 0 pol | ||
| 015 | _aPB 1971/7531 | ||
| 035 | _a(OCoLC)751423628 | ||
| 040 |
_aWA N _cWA N _dKOSZ 005/KK |
||
| 080 | _a331.94 | ||
| 100 | 1 |
_aBursche, Krystyna. _eAutor. |
|
| 245 | 1 | 0 |
_aRola i pozycja społecznej inspekcji pracy / _c[oprac. Krystyna Bursche, Anna Grzelak, Józef Tulski]. |
| 260 |
_aWarszawa : _bWydawnictwo Związkowe CRZZ, _c1971. |
||
| 300 |
_a243, [1] strony ; _c23 cm. |
||
| 336 |
_2rdacontent _aTekst _btxt |
||
| 337 |
_2rdamedia _aBez urządzenia pośredniczacego _bn |
||
| 338 |
_2rdacarrier _aWolumin _bnc |
||
| 380 | _aKsiążki. | ||
| 650 | 4 | _aInspekcja pracy społeczna. | |
| 650 | 4 | _aInspektorzy pracy | |
| 658 | _aSocjologia i społeczeństwo | ||
| 700 | 1 |
_aGrzelak, Anna _c(bezpieczeństwo i higiena pracy) |
|
| 700 | 1 |
_aTulski, Józef. _eAutor. |
|
| 710 |
_aWydawnictwo Związkowe CRZZ _4pbl. |
||
| 856 |
_uhttp://koha.tu.koszalin.pl/cgi-bin/koha/opac-detail.pl?biblionumber=25421 _yKatalog online BPK |
||
| 942 |
_2UKD _cKS |
||
| 999 |
_c25421 _d25421 |
||